00873 2200325 4500001002100000005001500021035002000036007000300056040001700059100002800076245004900104250001100153300003800164504002300202020002200225041000800247082001000255084001600265090002400281264004200305336002100347337003000368338002300398650000900421850001000430008004100440990002300481990002200504990002100526INLIS00000000000851720260519114822 a0010-0922001006ta aSBPUPADbind0 aTri HaryantoePengarang1 aManfaat Hutan Bagi Kehidupan /cTri Haryanto a.-Ed.1 aiv, 60 hlm :bilus. ;c17 x 25 cm aBibliografi,hlm 57 a978-979-662-285-60 aind a634.9 a634.9 TRI m a634.9 TRI m L18-10 a.--Yogyakarta :bCempaka Putih,c2008 2rdacontentateks 2rdamediaatanpa perantara 2rdacarrieravolume 4aAlam aPUPAD260519 0  a12127/B/ARPUS/2010 a14675/BR/KAPD/PDG a259/BR/KAPD/2011